| 000 -LEADER |
| fixed length control field |
02737 a2200217 4500 |
| 008 - FIXED-LENGTH DATA ELEMENTS--GENERAL INFORMATION |
| fixed length control field |
230703b ||||| |||| 00| 0 eng d |
| 020 ## - INTERNATIONAL STANDARD BOOK NUMBER |
| International Standard Book Number |
9789353065966 |
| Terms of availability |
Rs799.00 |
| 041 0# - LANGUAGE CODE |
| Language code of text/sound track or separate title |
eng |
| 082 00 - DEWEY DECIMAL CLASSIFICATION NUMBER |
| Classification number |
658.7 |
| Item number |
C549 |
| 100 ## - MAIN ENTRY--PERSONAL NAME |
| Personal name |
Chopra, Sunil |
| 245 ## - TITLE STATEMENT |
| Title |
Supply Chain Management : Strategy, Planning and Operation / |
| 250 ## - EDITION STATEMENT |
| Edition statement |
7th ed. |
| 260 ## - PUBLICATION, DISTRIBUTION, ETC. (IMPRINT) |
| Place of publication, distribution, etc |
Noida : |
| Name of publisher, distributor, etc |
Pearson India education services pvt. ltd., |
| Date of publication, distribution, etc |
2023. |
| 300 ## - PHYSICAL DESCRIPTION |
| Extent |
xvii, 562 p. : |
| Other physical details |
ill. ; |
| Dimensions |
25 cm. |
| 504 ## - BIBLIOGRAPHY, ETC. NOTE |
| Bibliography, etc |
Includes index. |
| 505 0# - FORMATTED CONTENTS NOTE |
| Formatted contents note |
Part I Building a Strategic Framework to Analyze Supply Chains<br/>CHAPTER 1 UNDERSTANDING THE SUPPLY CHAIN<br/>CHAPTER 2 ACHIEVING STRATEGIC FIT IN A SUPPLY CHAIN<br/>CHAPTER 3 SUPPLY CHAIN DRIVERS AND METRICS<br/>Part II Designing the Supply Chain Network<br/>CHAPTER 4 DESIGNING DISTRIBUTION NETWORKS AND APPLICATIONS TO OMNI-CHANNEL RETAILING<br/>CHAPTER 5 NETWORK DESIGN IN THE SUPPLY CHAIN<br/>CHAPTER 6 DESIGNING GLOBAL SUPPLY CHAIN NETWORKS<br/>Part III Planning and Coordinating Demand and Supply in a Supply Chain<br/>CHAPTER 7 DEMAND FORECASTING IN A SUPPLY CHAIN<br/>CHAPTER 8 AGGREGATE PLANNING IN A SUPPLY CHAIN<br/>CHAPTER 9 SALES AND OPERATIONS PLANNING IN A SUPPLY CHAIN<br/>CHAPTER 10 COORDINATION IN A SUPPLY CHAIN<br/>Part IV Planning and Managing Inventories in a Supply Chain<br/>CHAPTER 11 MANAGING ECONOMIES OF SCALE IN A SUPPLY CHAIN CYCLE INVENTORY<br/>CHAPTER 12 MANAGING UNCERTAINTY IN A SUPPLY CHAIN SAFETY INVENTORY<br/>CHAPTER 13 LINKING PRODUCT AVAILABILITY TO PROFITS<br/>Part V Designing and Planning Transportation Networks<br/>CHAPTER 14 TRANSPORTATION IN A SUPPLY CHAIN<br/>Part VI Managing Cross-Functional Drivers in a Supply Chain<br/>CHAPTER 15 SOURCING DECISIONS IN A SUPPLY CHAIN<br/>CHAPTER 16 PRICING AND REVENUE MANAGEMENT IN A SUPPLY CHAIN<br/>CHAPTER 17 SUSTAINABILITY AND THE SUPPLY CHAIN<br/>Part VII Online Chapter<br/>CHAPTER A: INFORMATION TECHNOLOGY IN A SUPPLY CHAIN" |
| 520 ## - SUMMARY, ETC. |
| Summary, etc |
Supply Chain Management, 7e introduces high-level strategy and concepts while giving students the<br/><br/>practical tools necessary to solve supply chain problems. Using a strategic framework, students are guided<br/><br/>through all the key drivers of supply chain performance, including facilities, inventory, transportation,<br/><br/>information, sourcing, and pricing. The Seventh Edition weaves in compelling case study examples to<br/><br/>illustrate how good supply chain management oers a competitive advantage and how poor supply chain<br/><br/>management can damage an organization's performance. With this textbook, students gain a deeper<br/><br/>understanding of supply chains and a rm grasp on the practical managerial levers that can improve<br/> |
| 650 #0 - SUBJECT ADDED ENTRY--TOPICAL TERM |
| Topical term or geographic name as entry element |
Marketing channels |
| General subdivision |
management |
| 700 ## - ADDED ENTRY--PERSONAL NAME |
| 9 (RLIN) |
5601 |
| Personal name |
Kalra, Dharam Vir |
| 942 ## - ADDED ENTRY ELEMENTS (KOHA) |
| Source of classification or shelving scheme |
|
| Item type |
Books |